000 01184nam a2200289 a 4500
999 _c489104
_d489104
003 BLK
005 20240727162915.0
008 210820b bul|||||r ||||||| ||bul||
010 _aKNG00199326000
020 _a9789547833425
040 _aBLK
041 _aBUL
_cBUL
080 _aАмериканска литература (на САЩ)
_b821.111(73)
_x-1
_z821.111(73)-1
100 1 _aБуковски, Чарлс
_eпърви автор
_9371745
139 _aБуковски, Чарлс
_bБ 85
245 1 0 _aЛюбовта е куче от ада
_cЧарлс Буковски ; прев. Александър Тончев; ил. Николай Масторов.
257 _aBGR
260 _aСофия
_bЛокус пъблишинг
_c2022
_9213084
_n978-954-783-
300 _a462 с.
_bс ил.
_c15 см
380 _aX
500 _aОриг. загл. Love is A Dog From Hell / Charles Bukowski.
700 _aТончев, Александър
_eпрев.
_9383160
700 _aМайсторов, Николай Лазаров
_eил.
_9599
856 _i0.00
_ldisable
942 _cKNG
_n0
_038
_s1
944 _c2023-03-16
_k30576
_lЦветомила Тодорова